Técnicas e ideas para equipar su taller / (Registro nro. 11463)

Detalles MARC
000 -LEADER
fixed length control field 00771nam a22002657a 4500
001 - CONTROL NUMBER
control field 000692
003 - CONTROL NUMBER IDENTIFIER
control field DO-SdBNP
005 - DATE AND TIME OF LATEST TRANSACTION
control field 20160920113152.0
007 - PHYSICAL DESCRIPTION FIXED FIELD--GENERAL INFORMATION
fixed length control field 000692
008 - FIXED-LENGTH DATA ELEMENTS--GENERAL INFORMATION
fixed length control field 151217b 1991 xxu c 00| 0 spa d
020 ## - INTERNATIONAL STANDARD BOOK NUMBER
International Standard Book Number 0865737371 (pasta dura)
020 ## - INTERNATIONAL STANDARD BOOK NUMBER
International Standard Book Number 0865737169
020 ## - INTERNATIONAL STANDARD BOOK NUMBER
International Standard Book Number 0865737177
040 ## - CATALOGING SOURCE
Original cataloging agency BPMSU
Language of cataloging spa
Transcribing agency BPMSU
092 ## - LOCALLY ASSIGNED DEWEY CALL NUMBER (OCLC)
Classification number xxxxx
Item number xxxxx
245 00 - TITLE STATEMENT
Title Técnicas e ideas para equipar su taller /
260 ## - PUBLICATION, DISTRIBUTION, ETC. (IMPRINT)
Place of publication, distribution, etc. Estados Unidos :
Name of publisher, distributor, etc. Limusa - Noriega editores,
-- Black & Decker,
Date of publication, distribution, etc. 1991.
300 ## - PHYSICAL DESCRIPTION
Extent 128 p. :
Other physical details retrato
Dimensions 27 cm.
490 0# - SERIES STATEMENT
Series statement Black & Decker para el arreglo de la casa
500 ## - GENERAL NOTE
General note Incluye índice.
830 #0 - SERIES ADDED ENTRY--UNIFORM TITLE
Uniform title Black & Decker para el arreglo de la casa
910 ## - USER-OPTION DATA (OCLC)
User-option data 00260
942 ## - ADDED ENTRY ELEMENTS (KOHA)
Source of classification or shelving scheme Dewey Decimal Classification
Koha item type Libros
956 ## - LOCAL ELECTRONIC LOCATION AND ACCESS (OCLC)
Host name Yngrid Lockward
Access number 10
Existencias
Withdrawn status Lost status Source of classification or shelving scheme Damaged status Not for loan Collection code Home library Current library Date acquired Source of acquisition Total Checkouts Barcode Date last seen Price effective from Koha item type
    Dewey Decimal Classification     Colección General Biblioteca Pública Metropolitana Salomé Ureña Biblioteca Pública Metropolitana Salomé Ureña 09/20/2016 Sin sellar   BPMSU16090431 09/20/2016 09/20/2016 Libros